| 000 | 00539nam a2200193Ia 4500 | ||
|---|---|---|---|
| 003 | LK-CoDNM | ||
| 008 | 010623t1923 xxu||||| |||| 00| 1 sin d | ||
| 040 |
_aLK-CoDNM _dLK-CoDNM _eLK-CoDNM |
||
| 041 | _asin | ||
| 080 | _a104 B 4 | ||
| 100 | _aSimon Appu,S.M.M. | ||
| 245 | _aඉන්ද්රකාම සහ චන්ද්රමතී | ||
| 246 | _aIndrakama and Chandramathi | ||
| 260 |
_bSaddhamma Prakasa _aAlutgama _c1923 |
||
| 300 | _b13p, 21 cm | ||
| 650 | _aChandraloka Kumari | ||
| 650 | _aVimalaranga | ||
| 942 | _cBK | ||
| 999 |
_c91700 _d91700 |
||